header

In search of Captain Cook (Record no. 24347)

MARC details
000 -LEADER
fixed length control field 01616nam a2200373Ia 4500
100 1# - MAIN ENTRY--AUTHOR NAME
Personal name O'Sullivan, Dan.
245 10 - TITLE STATEMENT
Title In search of Captain Cook
260 ## - PUBLICATION, DISTRIBUTION, ETC. (IMPRINT)
Place of publication London ;
-- New York :
Name of publisher I.B. Tauris ;
Place of publication New York :
Name of publisher Distributed in the USA by Palgrave Macmillan,
Year of publication 2008.
300 ## - PHYSICAL DESCRIPTION
Number of Pages vi, 263 p. :
Other physical details ill., maps.
650 #0 - SUBJECT ADDED ENTRY--TOPICAL TERM
Topical Term Explorers
Topical Term Discoveries in geography
Topical Term Seafaring life
Topical Term Voyages around the world
856 40 - ELECTRONIC LOCATION AND ACCESS
Uniform Resource Identifier http://site.ebrary.com/lib/rucke/Doc?id=10267534

No items available.

© 2026 Rongo University
Contact us: librarian | system librarian | Rongo university